| 000 | 00932cab a2200277 4500 | ||
|---|---|---|---|
| 001 | ABS52185 | ||
| 008 | 090401t xxu||||| |||| 00| 0 eng d | ||
| 035 | _a(Sirsi) u65002 | ||
| 041 | _aeng | ||
| 100 | _aMurrells, P. | ||
| 245 | 4 | _aThe death watch beetle case | |
| 260 | _c12(5) 1993/4, 15-17(3) | ||
| 350 | _a0 | ||
| 490 |
_aStructural Survey _v12(5) 1993/4, 15-17(3) |
||
| 520 | _aDiscusses the case "Oswald and another v Countrywide Surveyors Limited" (WB3039-53) which held that a firm of surveyors were negligent in not spotting an infestation of death watch beetle during a structural survey of a property. | ||
| 650 | _aABOUT RICS-RICS MEMBERS | ||
| 650 | _aDEATH WATCH BEETLE | ||
| 650 | _aNEGLIGENCE | ||
| 650 | _aROOF | ||
| 650 | _aSTRUCTURAL SURVEYS | ||
| 650 | _aSURVEYORS | ||
| 650 | _aTIMBERS | ||
| 690 | _aMANAGEMENT-BUSINESS MANAGEMENT-PROFESSIONAL PRACTICE | ||
| 942 | _n0 | ||
| 948 | _c04/03/1997 | ||
| 999 |
_c40510 _d40510 |
||